Vector analysis : including the dynamics of a rigid body /

Guardado en:
Autor Principal: Smith, G. D.
Formato: Libro
Idioma:English
Publicado: London ; New York : Oxford University Press, 1962.
Series:Oxford mathematical handbooks
Materias:
Etiquetas: Agregar Etiqueta
Sin Etiquetas, Sea el primero en etiquetar este registro!
LEADER 00651cam a22001935 4500
001 MAT.inmabb007153
008 750609s1962####enk###########001#0#eng##
005 20180830175628.0
245 1 0 |a Vector analysis :  |b including the dynamics of a rigid body /  |c G. D. Smith. 
260 |a London ;  |a New York :  |b Oxford University Press,  |c 1962. 
300 |a viii, 192 p. :  |b il. ;  |c 23 cm. 
440 0 |a Oxford mathematical handbooks 
100 1 |a Smith, G. D.  |q (Gordon D.) 
650 0 |a Vector analysis. 
650 0 |a Dynamics. 
084 |a 26-01 (70Exx)  |2 msc2000 
010 |a  63000719  
040 |a DLC  |c GAT  |d FTaSU  |d Uk  |d DLC 
859 |h 26  |i Sm6425  |p A-9229  |b BIB. MATEMATICA